000 00382nam a2200145 i 4500
001 bg
100 1 _aKURZYNA, J.
245 0 _aSonda elektryczna w nadźwiękowym strumieniu zjonizowanej... /
_cJ. Kurzyna, Z. Szymański.
260 _aWarszawa,
_c1980.
700 1 _aSZYMAŃSKI, Z.
040 _cBPK
041 _apol
942 _cKS
008 s pl f |000 0 pol
999 _c20858
_d20858
856 _uhttp://koha.tu.koszalin.pl/cgi-bin/koha/opac-detail.pl?biblionumber=20858
_yKatalog online BPK